000 00650nam a2200253Ia 4500
003 OSt
005 20221005043028.0
006 a|||||r|||| 00| 0
007 ta
008 221004b |||||||| |||| 00| 0 eng d
024 _a74377
037 _cTextual
040 _aCRL
_cCRL
_beng
041 _2eng
_aeng
082 _aO111v, A.2
100 _aTaine H A
_9591152
245 0 _aHistory of English literature
250 _a2nd
260 _aEdinburgh
_bEdmonston and Douglas UK
_c1872
300 _a550p.
_ccm.
650 _aENGLISH LITERATURE
942 _hO111v, A.2
_cTEXL
_2cc
999 _c951198
_d951198